Gaturro y la mansión del terror /
Guardado en:
| Autor Principal: | |
|---|---|
| Formato: | Libro |
| Publicado: |
Buenos Aires :
Sudamericana,
2008
|
| Series: | Gaturro para chicos ; 2
|
| Materias: | |
| Etiquetas: |
Agregar Etiqueta
Sin Etiquetas, Sea el primero en etiquetar este registro!
|
| LEADER | 00637nam a22002295a 4500 | ||
|---|---|---|---|
| 001 | CEM.cems014780 | ||
| 005 | 20170614183548.0 | ||
| 008 | 130507s2008##################000#0#####d | ||
| 003 | CEMS | ||
| 020 | |a 9789500728898 | ||
| 082 | 0 | 4 | |a A867.4 |
| 100 | 1 | |a Nik | |
| 245 | 1 | 0 | |a Gaturro y la mansión del terror / |c Nik (seudónimo) |
| 260 | |a Buenos Aires : |b Sudamericana, |c 2008 | ||
| 300 | |a 144 p. | ||
| 490 | 0 | |a Gaturro para chicos ; 2 | |
| 653 | |a Humor | ||
| 653 | |a Historieta argentina | ||
| 653 | |a Historieta | ||
| 653 | |a Literatura | ||
| 653 | |a Literatura argentina | ||
| 859 | |a CEMS |b BIB. CEMS - 11 de abril |h A867.4 |i N583-2 |p 27370.17 |t Ej.1 | ||
